| 000 | 00348nam a2200109 a 4500 | ||
|---|---|---|---|
| 005 | 20140408090024.0 | ||
| 008 | 021121s19uu xx 00 eng d | ||
| 050 |
_aPGS '98 _bREY #26 |
||
| 100 | _aReyes, Paula Erika | ||
| 245 | _aThe perception of the fourth year students of Southville International School SY 97-98 regarding the May. | ||
| 942 | _cPASS | ||
| 999 |
_c96315 _d96315 |
||